| 000 | 00815nam a22002051i 4500 | ||
|---|---|---|---|
| 001 | 180626 | ||
| 003 | ES-MaACL | ||
| 005 | 20230906221140.0 | ||
| 008 | 120619s1976 sp |||| | spa d | ||
| 080 | _a547.42(043.2) | ||
| 100 | 1 |
_aDomínguez Luengo, María del Carmen. _9150641 |
|
| 245 | 1 | 0 |
_aCinética de la utilización del glicerol por el tejido adiposo de rata y su regulación / _cpor María del Carmen Domínguez Luengo. |
| 260 |
_aBarcelona : _bUniversidad, Secretariado de Publicaciones, Intercambio Cientifico y Extensión Universitaria, _c1976. |
||
| 300 |
_a17 p., 1 h. con gráf. ; _c24 cm. |
||
| 502 | _aTesis-Univ. de Barcelona (Extracto) | ||
| 504 | _aBibliografia: p. 17. | ||
| 650 | 4 |
_aGlicerina. _9171203 |
|
| 710 | 2 |
_aUniversidad de Barcelona. _97141 |
|
| 852 |
_aES-MaACL _jE-15362(165) |
||
| 999 |
_c180626 _d180626 |
||